00325nam a2200121Ia 4500008004100000041000800041082001400049100002200063245004500085260003200130300003000162365001100192240624s9999 xx 000 0 und d aeng a303.3 GOB aGOBILLOT EMMANUEL aLEADERSHIFT REINVENTING LEADERSHIP FOR T c2010aNew DelhibKogan Page axi, : 189 : p. : cm. ; 22 cRSb30